[Event "XIV Festival A"]
[Site "Porto San Giorgio ITA"]
[Date "2002.08.25"]
[Round "6"]
[White "Safranska, Anda"]
[Black "Facchetti, Gianni"]
[Result "1/2-1/2"]
[WhiteElo "2309"]
[BlackElo "2154"]
[PlyCount "108"]
[EventDate "2002.08.20"]

1. Nf3 Nf6 2. g3 d6 3. Bg2 e5 4. O-O Be7 5. c4 Nbd7 6. Nc3 c6 7. d4 Qc7 8. e4
O-O 9. Re1 Re8 10. b3 Nf8 11. d5 Ng6 12. Bd2 c5 13. a3 Bd7 14. Qe2 a6 15. Rec1
Rab8 16. b4 b6 17. Ne1 Rec8 18. Bf1 Ne8 19. Ng2 f5 20. exf5 Bxf5 21. Ne3 Bd7
22. Ne4 Qd8 23. Bg2 Nf6 24. Ng5 Nf8 25. h4 h6 26. Ne4 N8h7 27. Nc3 Qe8 28. Kh2
Qg6 29. Bh3 Bxh3 30. Kxh3 Rf8 31. Rf1 h5 32. Rab1 Nd7 33. f3 Nhf6 34. Ned1 e4
35. f4 a5 36. bxa5 bxa5 37. Ne3 Rxb1 38. Rxb1 Rb8 39. Nb5 a4 40. Ba5 Qe8 41.
Nf5 Bf8 42. Nfxd6 Qg6 43. Bc7 Bxd6 44. Bxd6 e3 45. Rg1 Qf5+ 46. Kg2 Rxb5 47.
cxb5 Qxd5+ 48. Kh3 Qxd6 49. Qxe3 Ng4 50. Qe8+ Nf8 51. Qxh5 Qd4 52. Kxg4 Qxg1
53. Qd5+ Kh7 54. Qh5+ Kg8 1/2-1/2

[Event "XIV Festival A"]
[Site "Porto San Giorgio ITA"]
[Date "2002.08.25"]
[Round "6"]
[White "Sbraccia, Giovanni"]
[Black "Baquero, Luis A."]
[Result "1-0"]
[WhiteElo "2130"]
[BlackElo "2275"]
[PlyCount "65"]
[EventDate "2002.08.20"]

1. Nf3 Nf6 2. g3 g6 3. Bg2 Bg7 4. O-O O-O 5. d3 d5 6. Nbd2 Nc6 7. e4 e5 8. Re1
d4 9. Nc4 Nd7 10. c3 b5 11. Na3 Rb8 12. Nc2 Nc5 13. cxd4 exd4 14. b3 Ne6 15.
Bd2 a5 16. Rc1 Qd6 17. e5 Nxe5 18. Nxe5 Bxe5 19. Bxa5 Bb7 20. Bxb7 Rxb7 21. Nb4
c5 22. Qf3 Rd7 23. Nc6 Bg7 24. Bd2 Rc7 25. Na5 Ra7 26. a4 bxa4 27. bxa4 Qd7 28.
Rc4 Rfa8 29. Nb3 Rxa4 30. Nxc5 Nxc5 31. Rxc5 h5 32. Rec1 Qg4 33. Qd5 1-0

[Event "XIV Festival A"]
[Site "Porto San Giorgio ITA"]
[Date "2002.08.25"]
[Round "6"]
[White "Schaefer, Michael"]
[Black "Karr, Jean-Philippe"]
[Result "1-0"]
[WhiteElo "2170"]
[BlackElo "2404"]
[PlyCount "77"]
[EventDate "2002.08.20"]

1. d4 Nf6 2. c4 g6 3. Nc3 d5 4. Nf3 Bg7 5. Bg5 Ne4 6. cxd5 Nxg5 7. Nxg5 e6 8.
Qd2 exd5 9. Qe3+ Kf8 10. Qf4 Bf6 11. h4 h6 12. Nxd5 Bxg5 13. Qe5 Rh7 14. hxg5
Nc6 15. Qe4 Bf5 16. Qf3 Nxd4 17. Qa3+ Kg7 18. Ne3 Qxg5 19. Qc3 Qf6 20. O-O-O c5
21. Nxf5+ Nxf5 22. e3 Rb8 23. Rd7 Qxc3+ 24. bxc3 Kf8 25. Be2 a6 26. Rhd1 b5 27.
Ra7 Rb6 28. Rd8+ Kg7 29. Rdd7 Nd6 30. f4 Kf6 31. Bd3 c4 32. Bc2 Nf5 33. e4 Nh4
34. Re7 Rh8 35. g3 Nf3 36. Rxf7+ Ke6 37. e5 Kd5 38. Rad7+ Kc5 39. Be4 1-0

[Event "XIV Festival A"]
[Site "Porto San Giorgio ITA"]
[Date "2002.08.25"]
[Round "6"]
[White "Sebastianelli, Dario"]
[Black "Popchev, Milko"]
[Result "0-1"]
[WhiteElo "2221"]
[BlackElo "2419"]
[PlyCount "82"]
[EventDate "2002.08.20"]

1. e4 b6 2. d4 Bb7 3. Nc3 e6 4. Bd3 Nf6 5. Nf3 Bb4 6. Bg5 h6 7. Bxf6 Qxf6 8. e5
Qf4 9. Qd2 Qxd2+ 10. Kxd2 O-O 11. Ke2 Be7 12. Ne4 d5 13. Ned2 c5 14. c3 Nc6 15.
Bb5 a5 16. Bxc6 Bxc6 17. h4 Bb5+ 18. Ke3 f5 19. Kf4 g6 20. Rh3 Rf7 21. Rah1 Rg7
22. Ke3 Kf7 23. g3 g5 24. Ne1 gxh4 25. gxh4 Rag8 26. Nd3 Bxd3 27. Kxd3 Rg4 28.
Nf1 b5 29. Ne3 c4+ 30. Kd2 Rg1 31. Ke2 b4 32. h5 a4 33. cxb4 Bxb4 34. Nd1 Rxh1
35. Rxh1 Rg4 36. a3 Ba5 37. Nc3 Rxd4 38. Nxa4 Re4+ 39. Kd1 Rxe5 40. Nc3 d4 41.
Nb1 Rb5 0-1

[Event "XIV Festival A"]
[Site "Porto San Giorgio ITA"]
[Date "2002.08.25"]
[Round "6"]
[White "Shytaj, Luca"]
[Black "Aldrovandi, Costantino"]
[Result "1/2-1/2"]
[WhiteElo "2216"]
[BlackElo "2414"]
[PlyCount "103"]
[EventDate "2002.08.20"]

1. e4 c5 2. Nf3 d6 3. d4 cxd4 4. Nxd4 Nf6 5. Nc3 g6 6. Be3 Bg7 7. f3 Nc6 8. Qd2
O-O 9. Bc4 Bd7 10. O-O-O Ne5 11. Bb3 Qa5 12. h4 Rfc8 13. g4 b5 14. Ncxb5 Qxd2+
15. Rxd2 Nxf3 16. Nxf3 Bxb5 17. Ng5 Bc4 18. Bxc4 Rxc4 19. b3 Rcc8 20. Rg1 h6
21. e5 dxe5 22. Nf3 Rc3 23. Rd3 Rxd3 24. cxd3 Nd5 25. Kd2 Rc8 26. Bf2 Nb4 27.
Ne1 Nxa2 28. Nc2 a5 29. Ra1 Nb4 30. Nxb4 axb4 31. Ra4 e4 32. dxe4 Bc3+ 33. Ke2
Rc6 34. Be3 Kg7 35. Ra7 Re6 36. Kd3 Rd6+ 37. Kc4 e5 38. Bc5 Rd1 39. g5 hxg5 40.
hxg5 Rc1 41. Kb5 Bd4 42. Bxd4 exd4 43. Kxb4 d3 44. Rd7 Rg1 45. Rxd3 Rxg5 46.
Kc4 Rg4 47. Kd5 Rg1 48. Rf3 Rb1 49. Kc5 Re1 50. Kd5 Rb1 51. Kc5 Re1 52. Kd5
1/2-1/2

[Event "XIV Festival A"]
[Site "Porto San Giorgio ITA"]
[Date "2002.08.26"]
[Round "7"]
[White "Aldrovandi, Costantino"]
[Black "Pacilli, Emanuele"]
[Result "1-0"]
[WhiteElo "2414"]
[BlackElo "2142"]
[PlyCount "71"]
[EventDate "2002.08.20"]

1. c4 Nf6 2. g3 e5 3. Bg2 d5 4. cxd5 Nxd5 5. Nf3 Nc6 6. O-O Be7 7. d4 exd4 8.
Nxd4 Nxd4 9. Qxd4 Nb4 10. Qe4 Be6 11. Qxb7 Rb8 12. Qxa7 O-O 13. Nc3 Nc2 14. Rb1
Qd4 15. Qxd4 Nxd4 16. Rd1 Rfd8 17. Bf4 Bxa2 18. Bxc7 Nxe2+ 19. Nxe2 Rxd1+ 20.
Rxd1 Rxb2 21. Nf4 Rb1 22. Rxb1 Bxb1 23. Nd5 Bc5 24. Bb6 Bd6 25. Bd4 Kf8 26. Nc3
Bg6 27. Be4 f5 28. Bd3 f4 29. Bxg6 hxg6 30. g4 Kf7 31. Ne4 Be7 32. Kg2 g5 33.
Kf3 g6 34. Nd2 Ke6 35. Ke4 Bd8 36. Nf3 1-0

[Event "XIV Festival A"]
[Site "Porto San Giorgio ITA"]
[Date "2002.08.26"]
[Round "7"]
[White "Campora Perez, Daniel"]
[Black "Santoro, Alessandro"]
[Result "0-1"]
[WhiteElo "2136"]
[BlackElo "2050"]
[PlyCount "126"]
[EventDate "2002.08.20"]

1. e4 c5 2. Nf3 Nc6 3. d4 cxd4 4. Nxd4 Nf6 5. Nc3 d6 6. Be2 e5 7. Nf3 h6 8. h3
Be7 9. O-O O-O 10. Re1 a6 11. Bc4 Rb8 12. a4 Be6 13. Bd5 Nb4 14. Be3 b6 15. a5
b5 16. Bb6 Qd7 17. Qd2 Nbxd5 18. Nxd5 Nxd5 19. exd5 Bf5 20. Qe2 Rfc8 21. Rac1
Bd8 22. Bxd8 Qxd8 23. c3 Qxa5 24. Ra1 Qb6 25. Qe3 Qxe3 26. Rxe3 Ra8 27. Ra5 Rc5
28. Re1 Rxd5 29. Rea1 Be4 30. Rxa6 Rxa6 31. Rxa6 Bxf3 32. gxf3 Rd1+ 33. Kg2 Rd2
34. b4 Rd3 35. Ra8+ Kh7 36. Rb8 Rxc3 37. Rxb5 Rb3 38. Rb7 Kg6 39. b5 d5 40. b6
h5 41. Rd7 Rxb6 42. Rxd5 f6 43. Rd3 Rb4 44. Ra3 Kf5 45. Kg3 h4+ 46. Kg2 Kf4 47.
Rc3 g5 48. Ra3 f5 49. Re3 Rd4 50. Ra3 e4 51. fxe4 Kxe4 52. Re3+ Kf4 53. Rf3+
Ke5 54. Re3+ Kf6 55. Ra3 g4 56. hxg4 fxg4 57. Ra8 Rd5 58. Ra2 Kf5 59. f3 g3 60.
Ra4 Rd2+ 61. Kg1 h3 62. Ra1 Kf4 63. Rf1 h2+ 0-1

[Event "XIV Festival A"]
[Site "Porto San Giorgio ITA"]
[Date "2002.08.26"]
[Round "7"]
[White "Cocchi, Andrea"]
[Black "Calandri, Fausto"]
[Result "1-0"]
[WhiteElo "2281"]
[BlackElo "2113"]
[PlyCount "93"]
[EventDate "2002.08.20"]

1. c4 e6 2. Nf3 Nf6 3. g3 b6 4. Bg2 Bb7 5. O-O Be7 6. d3 c5 7. e4 d6 8. e5 dxe5
9. Nxe5 Bxg2 10. Kxg2 a6 11. Be3 O-O 12. Qf3 Ra7 13. Rd1 Nfd7 14. d4 Qc8 15.
Qe2 Nxe5 16. dxe5 Rd8 17. Nc3 Rad7 18. h4 Rxd1 19. Rxd1 Rxd1 20. Qxd1 Qd7 21.
Qf3 h6 22. Kg1 Qc6 23. Ne4 Kf8 24. Bf4 Bd8 25. Qd3 Bc7 26. Nd2 Kg8 27. b3 Nd7
28. Nf3 Nf8 29. h5 Nd7 30. Qe3 Bd8 31. Nh2 Be7 32. Ng4 Bf8 33. f3 Nb8 34. Bxh6
gxh6 35. Nf6+ Kg7 36. Qd3 Bd6 37. Qh7+ Kf8 38. exd6 Qxd6 39. Qxh6+ Ke7 40. Ne4
Qd1+ 41. Kg2 Qe2+ 42. Nf2 Nd7 43. Qg5+ Ke8 44. h6 Nf8 45. a4 a5 46. Qf4 e5 47.
Qf5 1-0

[Event "XIV Festival A"]
[Site "Porto San Giorgio ITA"]
[Date "2002.08.26"]
[Round "7"]
[White "Cristiani, Cesare"]
[Black "Sebastianelli, Dario"]
[Result "1/2-1/2"]
[WhiteElo "2143"]
[BlackElo "2221"]
[PlyCount "84"]
[EventDate "2002.08.20"]

1. d4 f5 2. g3 Nf6 3. Bg2 e6 4. Nf3 d5 5. O-O Bd6 6. c4 c6 7. Qc2 O-O 8. Ne5
Nbd7 9. Nd3 Qe8 10. Bf4 Bxf4 11. gxf4 Qh5 12. e3 Ng4 13. h3 Nh6 14. Nd2 Nf7 15.
Nf3 Kh8 16. Kh2 Rg8 17. Qd1 Qh6 18. c5 g5 19. fxg5 Nxg5 20. Nxg5 Rxg5 21. f4
Rg7 22. Rg1 Nf6 23. Bf3 Rxg1 24. Qxg1 Bd7 25. Ne5 Qg7 26. Qg5 Rg8 27. Rg1 Qf8
28. Qh4 Rxg1 29. Kxg1 Qg7+ 30. Qg5 Be8 31. Kf2 h6 32. Qxg7+ Kxg7 33. a4 Kf8 34.
Ke2 Bh5 35. Bxh5 Nxh5 36. Kf3 Ke8 37. Nd3 Ke7 38. Nc1 Kd7 39. Ne2 Ke7 40. Nc3
Kd7 41. b4 Kc7 42. a5 a6 1/2-1/2

[Event "XIV Festival A"]
[Site "Porto San Giorgio ITA"]
[Date "2002.08.26"]
[Round "7"]
[White "De Poi, Paolo"]
[Black "Naumkin, Igor"]
[Result "0-1"]
[WhiteElo "2219"]
[BlackElo "2436"]
[PlyCount "48"]
[EventDate "2002.08.20"]

1. e4 e6 2. d4 d5 3. Nc3 Nf6 4. Bg5 dxe4 5. Nxe4 Be7 6. Bxf6 gxf6 7. Nf3 a6 8.
Bd3 f5 9. Ng3 h5 10. h4 c5 11. dxc5 Qa5+ 12. c3 Qxc5 13. Qe2 Nc6 14. O-O-O Bd7
15. Kb1 O-O-O 16. Ng5 Ne5 17. Bc2 Bb5 18. Qe3 Qxe3 19. fxe3 Rdg8 20. a4 Bc6 21.
Ne2 Bxg5 22. hxg5 Bxg2 23. Rh2 Bf3 24. Rg1 Ng4 0-1

[Event "XIV Festival A"]
[Site "Porto San Giorgio ITA"]
[Date "2002.08.26"]
[Round "7"]
[White "Efimov, Igor"]
[Black "Schaefer, Michael"]
[Result "1-0"]
[WhiteElo "2463"]
[BlackElo "2170"]
[PlyCount "81"]
[EventDate "2002.08.20"]

1. d4 Nf6 2. c4 c5 3. d5 e6 4. Nc3 exd5 5. cxd5 d6 6. e4 g6 7. f3 Bg7 8. Bg5 h6
9. Be3 O-O 10. Qd2 a6 11. Rc1 Re8 12. Bd3 b5 13. Nge2 h5 14. b3 Nbd7 15. O-O
Bb7 16. h3 Qe7 17. Bg5 Qf8 18. a4 c4 19. bxc4 b4 20. Nd1 a5 21. Nd4 Nc5 22. Bc2
Nfd7 23. Nb5 Rec8 24. f4 Ba6 25. e5 Bxb5 26. cxb5 Qe8 27. e6 fxe6 28. dxe6 Qxe6
29. Re1 Qa2 30. Qxd6 Nf8 31. Bb1 Qa1 32. Nf2 Nce6 33. Rcd1 Nxg5 34. fxg5 Rd8
35. Qxd8 Rxd8 36. Rxd8 Qc3 37. Red1 Kh7 38. b6 Qc6 39. R8d6 Qc8 40. Be4 Be5 41.
b7 1-0

[Event "XIV Festival A"]
[Site "Porto San Giorgio ITA"]
[Date "2002.08.26"]
[Round "7"]
[White "Esposito, Luca"]
[Black "Safranska, Anda"]
[Result "1-0"]
[WhiteElo "2155"]
[BlackElo "2309"]
[PlyCount "115"]
[EventDate "2002.08.20"]

1. d4 Nf6 2. c4 g6 3. Nc3 Bg7 4. e4 d6 5. f3 O-O 6. Be3 a6 7. Bd3 Nc6 8. Nge2
Rb8 9. Rc1 Bd7 10. Qd2 Nb4 11. Bb1 b5 12. Nd5 Nbxd5 13. cxd5 Rc8 14. O-O e6 15.
dxe6 fxe6 16. a3 Kh8 17. Bg5 Qe8 18. Rfd1 c6 19. Bf4 e5 20. dxe5 dxe5 21. Be3
Be6 22. Qa5 Bb3 23. Rd2 Rf7 24. Bc2 Be6 25. Rcd1 Rd7 26. Qxa6 Rxd2 27. Rxd2 Bf8
28. Qa5 Kg8 29. Qc3 Nd7 30. Bb3 Rc7 31. Nc1 Qf7 32. Bxe6 Qxe6 33. Qb3 Kf7 34.
Kf2 Nc5 35. Qxe6+ Kxe6 36. Rc2 Nd7 37. Nd3 c5 38. Nb4 c4 39. Nd5 Rc6 40. Nc3 b4
41. axb4 Bxb4 42. Nd5 Ba5 43. b3 c3 44. b4 Bb6 45. Rxc3 Bxe3+ 46. Kxe3 Rxc3+
47. Nxc3 Kd6 48. Nd5 Nf8 49. f4 exf4+ 50. Kxf4 Ne6+ 51. Ke3 Ke5 52. b5 Nc5 53.
b6 g5 54. Nb4 Kd6 55. Kd4 Ne6+ 56. Kc4 Nd8 57. Kb5 Nb7 58. Nd3 1-0

[Event "XIV Festival A"]
[Site "Porto San Giorgio ITA"]
[Date "2002.08.26"]
[Round "7"]
[White "Facchetti, Gianni"]
[Black "Anceschi, Vittorio"]
[Result "1/2-1/2"]
[WhiteElo "2154"]
[BlackElo "2276"]
[PlyCount "119"]
[EventDate "2002.08.20"]

1. e4 Nc6 2. Nf3 d6 3. Be2 Nf6 4. d3 g6 5. Nbd2 Bg7 6. Nf1 Bd7 7. Ng3 e5 8. c3
Qe7 9. a4 h5 10. Bg5 Bh6 11. Bxh6 Rxh6 12. h3 O-O-O 13. a5 d5 14. Qc1 Rdh8 15.
Nd2 h4 16. Ngf1 d4 17. Nc4 Kb8 18. Qg5 Ng8 19. Qxe7 Ngxe7 20. Nh2 g5 21. Nf3 f6
22. cxd4 Nxd4 23. Nxd4 exd4 24. Kd2 Ng6 25. Rhb1 Ne5 26. Nxe5 fxe5 27. f3 c5
28. Bd1 Be6 29. Rc1 Rc8 30. Ba4 Bf7 31. Bb5 b6 32. Ra3 Rc7 33. Rca1 bxa5 34.
Rxa5 Rb6 35. Kc2 Rcb7 36. Ba6 Rc7 37. R1a3 Rb4 38. b3 Be6 39. Rb5+ Rxb5 40.
Bxb5 Rb7 41. Bc4 Bxc4 42. bxc4 Rb6 43. Ra5 Rc6 44. Rb5+ Kc7 45. Ra5 a6 46. Ra3
Rf6 47. Ra1 Kb7 48. Rb1+ Ka7 49. Ra1 Rf8 50. Rb1 Rc8 51. Ra1 Kb6 52. Kb3 Rb8
53. Rc1 Kc6+ 54. Kc2 Rf8 55. Ra1 Ra8 56. Kb3 a5 57. Ra2 Rb8+ 58. Kc2 Ra8 59.
Kb3 Rb8+ 60. Kc2 1/2-1/2

[Event "XIV Festival A"]
[Site "Porto San Giorgio ITA"]
[Date "2002.08.26"]
[Round "7"]
[White "Friedrich, Norbert"]
[Black "Ronchetti, Niccolo'"]
[Result "1/2-1/2"]
[WhiteElo "2296"]
[BlackElo "2117"]
[PlyCount "40"]
[EventDate "2002.08.20"]

1. e4 c5 2. Nf3 Nc6 3. d4 cxd4 4. Nxd4 Nf6 5. Nc3 e5 6. Ndb5 d6 7. a4 a6 8. Na3
Be6 9. Bc4 Rc8 10. Bg5 Qb6 11. Rb1 Qb4 12. Bxf6 gxf6 13. Bd5 Ne7 14. O-O Rxc3
15. bxc3 Qxa3 16. Bxe6 fxe6 17. Rxb7 Qxa4 18. Qf3 Kf7 19. Qh5+ Kg7 20. Qg4+ Kf7
1/2-1/2

[Event "XIV Festival A"]
[Site "Porto San Giorgio ITA"]
[Date "2002.08.26"]
[Round "7"]
[White "Laketic, Gojko"]
[Black "Palac, Mladen"]
[Result "1/2-1/2"]
[WhiteElo "2448"]
[BlackElo "2564"]
[PlyCount "34"]
[EventDate "2002.08.20"]

1. Nf3 Nf6 2. c4 e6 3. Nc3 Bb4 4. a3 Bxc3 5. bxc3 O-O 6. d3 Re8 7. e4 e5 8. Be2
h6 9. a4 c6 10. O-O d5 11. Nd2 Qc7 12. Re1 Be6 13. Qc2 Nbd7 14. Ba3 Rad8 15.
Nf1 dxe4 16. dxe4 b6 17. Ne3 Nc5 1/2-1/2

[Event "XIV Festival A"]
[Site "Porto San Giorgio ITA"]
[Date "2002.08.26"]
[Round "7"]
[White "Mrdja, Milan"]
[Black "Fercec, Nenad"]
[Result "1/2-1/2"]
[WhiteElo "2370"]
[BlackElo "2494"]
[PlyCount "78"]
[EventDate "2002.08.20"]

1. e4 c5 2. Nf3 d6 3. d4 cxd4 4. Nxd4 Nf6 5. Nc3 a6 6. Be3 e5 7. Nb3 Be6 8. Qd2
Nbd7 9. f3 b5 10. a4 b4 11. Nd5 Bxd5 12. exd5 Nb6 13. Bxb6 Qxb6 14. a5 Qb7 15.
Ra4 Rb8 16. Bc4 Be7 17. Qd3 Qa7 18. Qd2 O-O 19. Rxb4 Rxb4 20. Qxb4 Rc8 21. Kd1
e4 22. fxe4 Nxe4 23. Re1 f5 24. Kc1 Rb8 25. Qa4 Bf6 26. Kb1 h6 27. Bd3 Qf2 28.
Re2 Qf4 29. Rxe4 fxe4 30. Qxe4 Qxh2 31. Qe6+ Kh8 32. Qf5 Kg8 33. Qe6+ Kf8 34.
Bg6 Qg1+ 35. Ka2 Qa7 36. Bh7 Qc7 37. Qg8+ Ke7 38. Qe6+ Kf8 39. Qg8+ Ke7 1/2-1/2

[Event "XIV Festival A"]
[Site "Porto San Giorgio ITA"]
[Date "2002.08.26"]
[Round "7"]
[White "Popchev, Milko"]
[Black "Malloni, Marcello"]
[Result "1-0"]
[WhiteElo "2419"]
[BlackElo "2261"]
[PlyCount "115"]
[EventDate "2002.08.20"]

1. g3 d5 2. Bg2 c6 3. c4 Nf6 4. d4 dxc4 5. e4 b5 6. Ne2 Nbd7 7. O-O e6 8. b3
cxb3 9. Qxb3 Be7 10. Nbc3 O-O 11. Rd1 Bb7 12. Be3 a6 13. a4 Qb8 14. e5 Nd5 15.
Nxd5 cxd5 16. axb5 Bc6 17. Nc3 axb5 18. Rxa8 Qxa8 19. Nxb5 Rb8 20. Bf1 Nb6 21.
Nc7 Nc4 22. Qxc4 dxc4 23. Nxa8 Rxa8 24. Bxc4 Bf3 25. Rb1 g5 26. Bf1 h5 27. Bg2
Bxg2 28. Kxg2 Kg7 29. Rb7 Re8 30. Kf3 g4+ 31. Ke4 Kg6 32. Ra7 Bf8 33. h3 gxh3
34. Ra1 Rd8 35. Rh1 Be7 36. Rxh3 Rd5 37. Rh1 Rd7 38. f4 f6 39. Ra1 f5+ 40. Kd3
Kf7 41. Ra6 Bf8 42. Bd2 Be7 43. Be1 Bf8 44. Rc6 Be7 45. Kc4 Rd5 46. Rc8 Rd7 47.
Ba5 h4 48. gxh4 Bxh4 49. Rh8 Be7 50. Bb6 Bf8 51. Bc5 Bg7 52. Rb8 Bh6 53. Kb5
Bxf4 54. Kc6 Rd5 55. Rb7+ Kg8 56. Rd7 Bg3 57. Rxd5 exd5 58. e6 1-0

[Event "XIV Festival A"]
[Site "Porto San Giorgio ITA"]
[Date "2002.08.26"]
[Round "7"]
[White "Rigo, Janos"]
[Black "Colovic, Aleksandar"]
[Result "0-1"]
[WhiteElo "2303"]
[BlackElo "2370"]
[PlyCount "138"]
[EventDate "2002.08.20"]

1. e4 c5 2. Nf3 d6 3. d4 cxd4 4. Nxd4 Nf6 5. Nc3 a6 6. Be2 e5 7. Nf3 h6 8. O-O
Be6 9. Be3 Nbd7 10. Nd2 Rc8 11. f3 Be7 12. a4 O-O 13. a5 d5 14. exd5 Nxd5 15.
Nxd5 Bxd5 16. Bd3 f5 17. c3 Be6 18. Qe2 Qc7 19. Kh1 Kh8 20. Rfe1 Bh4 21. Red1
Bf6 22. Bc2 Rfe8 23. Ba4 Re7 24. Bb3 Nc5 25. Bxe6 Nxe6 26. Qd3 g6 27. Bb6 Nf4
28. Qc2 Qc6 29. Nf1 e4 30. fxe4 Rxe4 31. Be3 Rce8 32. Qf2 g5 33. Bxf4 Rxf4 34.
Qd2 Rd8 35. Qe2 Re8 36. Qd2 Rd8 37. Qe2 Re8 38. Qd2 Kg7 39. Ng3 Kg6 40. Re1 h5
41. Rxe8 Qxe8 42. Qd1 Qh8 43. Qd3 h4 44. Ne2 Re4 45. Rf1 Qe8 46. Nd4 Bxd4 47.
cxd4 Qb5 48. Qxb5 axb5 49. Rd1 Kf6 50. d5 Ke7 51. d6+ Kd7 52. Kg1 Re2 53. Rd5
Rxb2 54. Rxf5 g4 55. Rg5 h3 56. gxh3 gxh3 57. Rh5 Rb3 58. Rh7+ Kxd6 59. Rxb7
Kc6 60. Rh7 b4 61. a6 Ra3 62. Rb7 Kc5 63. a7 Kc4 64. Kf2 b3 65. Ke3 Kc3 66.
Rc7+ Kb2 67. Kd2 Ka1 68. Rb7 b2 69. Kc2 Ra2 0-1

[Event "XIV Festival A"]
[Site "Porto San Giorgio ITA"]
[Date "2002.08.26"]
[Round "7"]
[White "Sax, Gyula"]
[Black "Lazarev, Vladimir"]
[Result "1/2-1/2"]
[WhiteElo "2518"]
[BlackElo "2458"]
[PlyCount "33"]
[EventDate "2002.08.20"]

1. e4 c5 2. Nf3 Nc6 3. d4 cxd4 4. Nxd4 Qc7 5. Nc3 e6 6. Be3 a6 7. Qd2 Nf6 8. f3
Ne5 9. Nb3 b5 10. Qf2 Be7 11. O-O-O d6 12. Kb1 O-O 13. g4 Nfd7 14. Rg1 b4 15.
Na4 Bb7 16. Nb6 Rab8 17. Nxd7 1/2-1/2

[Event "XIV Festival A"]
[Site "Porto San Giorgio ITA"]
[Date "2002.08.26"]
[Round "7"]
[White "Shytaj, Luca"]
[Black "Aleksic, Nenad"]
[Result "1/2-1/2"]
[WhiteElo "2216"]
[BlackElo "2393"]
[PlyCount "88"]
[EventDate "2002.08.20"]

1. e4 c5 2. Nf3 d6 3. d4 cxd4 4. Nxd4 Nf6 5. Nc3 a6 6. Bg5 e6 7. Qd2 h6 8. Bxf6
Qxf6 9. O-O-O Nc6 10. Nb3 Qd8 11. f4 Bd7 12. g4 g5 13. e5 dxe5 14. Ne4 Be7 15.
Nbc5 Bc8 16. Qc3 Qc7 17. fxg5 hxg5 18. Nb3 b6 19. Qe3 Bb7 20. Bg2 Nb4 21. c3
Nd5 22. Qf2 Nf4 23. Bf3 Bd5 24. Ng3 O-O-O 25. Kb1 Bb7 26. Be4 Kb8 27. Nd2 Rhg8
28. Nf3 f6 29. Qc2 Rxd1+ 30. Rxd1 Rd8 31. Bxb7 Rxd1+ 32. Qxd1 Qxb7 33. Qa4 b5
34. Qe4 Qd5 35. a3 Kc7 36. Kc2 Kc6 37. Qh7 Bc5 38. Nd2 f5 39. Qg8 Qd3+ 40. Kc1
Be3 41. Qc8+ Kb6 42. Qb8+ Kc6 43. Qc8+ Kb6 44. Qb8+ Kc6 1/2-1/2

[Event "XIV Festival A"]
[Site "Porto San Giorgio ITA"]
[Date "2002.08.26"]
[Round "7"]
[White "Tomescu, Vlad"]
[Black "Bruno, Fabio"]
[Result "1-0"]
[WhiteElo "2438"]
[BlackElo "2296"]
[PlyCount "51"]
[EventDate "2002.08.20"]

1. e4 c5 2. Nf3 Nc6 3. d4 cxd4 4. Nxd4 Qb6 5. Nb3 Nf6 6. Nc3 e6 7. Qe2 Qc7 8.
g4 h6 9. Bg2 a6 10. h4 g6 11. Bd2 d6 12. O-O-O b5 13. e5 dxe5 14. Qf3 Nd5 15.
Nxd5 exd5 16. Qxd5 Bb7 17. Nc5 Rd8 18. Nxa6 Qb6 19. Qxb5 Qxb5 20. Nc7+ Ke7 21.
Nxb5 Bg7 22. Rhe1 f5 23. gxf5 gxf5 24. Bc3 Rxd1+ 25. Rxd1 Bf6 26. Nd6 1-0

[Event "XIV Festival A"]
[Site "Porto San Giorgio ITA"]
[Date "2002.08.26"]
[Round "7"]
[White "Zaja, Ivan"]
[Black "Campora Sivori, Daniel Hugo"]
[Result "1/2-1/2"]
[WhiteElo "2459"]
[BlackElo "2522"]
[PlyCount "82"]
[EventDate "2002.08.20"]

1. d4 Nf6 2. c4 e6 3. Nf3 b6 4. g3 Ba6 5. b3 b5 6. Bg2 bxc4 7. Ne5 d5 8. bxc4
c6 9. O-O Be7 10. Qa4 O-O 11. Rd1 Nfd7 12. Nxd7 Qxd7 13. Nd2 Qc8 14. Ba3 Bxa3
15. Qxa3 Nd7 16. Rac1 Nb6 17. cxd5 exd5 18. e4 Qb7 19. Qc5 Rac8 20. Bh3 Rc7 21.
Nb3 Nc4 22. Rb1 Qb6 23. Bf1 Rd8 24. e5 Rb7 25. a4 Rdb8 26. Bd3 g6 27. Kg2 Nxe5
28. Qxb6 Rxb6 29. dxe5 Bxd3 30. Rxd3 c5 31. Rxd5 c4 32. Nd2 Rxb1 33. Nxb1 Rxb1
34. Rd8+ Kg7 35. Rd7 c3 36. Rc7 Rb4 37. e6 Kf6 38. exf7 Kg7 39. Rxc3 Rxa4 40.
Rc7 h6 41. h3 Ra3 1/2-1/2

[Event "XIV Festival A"]
[Site "Porto San Giorgio ITA"]
[Date "2002.08.26"]
[Round "7"]
[White "Zufic, Miroslav"]
[Black "Sbraccia, Giovanni"]
[Result "1-0"]
[WhiteElo "2349"]
[BlackElo "2130"]
[PlyCount "81"]
[EventDate "2002.08.20"]

1. e4 c6 2. d4 d5 3. Nc3 dxe4 4. Nxe4 Bf5 5. Ng3 Bg6 6. h4 h6 7. Nf3 Nd7 8. h5
Bh7 9. Bd3 Bxd3 10. Qxd3 Qc7 11. Bd2 e6 12. O-O-O Ngf6 13. Kb1 O-O-O 14. Ne4 c5
15. Nxf6 Nxf6 16. Rh4 c4 17. Qe2 Kb8 18. Ne5 Rc8 19. Bf4 Bd6 20. Nxf7 Bxf4 21.
Nxh8 Rxh8 22. Qxe6 Re8 23. Qf5 Bg5 24. Rhh1 c3 25. Rhe1 Rd8 26. Re5 Qb6 27. Rb5
Rd5 28. Qxd5 Nxd5 29. Rxb6 Nxb6 30. bxc3 Nc4 31. Re1 b5 32. Re6 a5 33. a4 bxa4
34. Rc6 Nd2+ 35. Kb2 Kb7 36. Rg6 Nc4+ 37. Ka2 Bf6 38. g4 Nb6 39. g5 Bxg5 40.
Rxg7+ Kc8 41. Rxg5 1-0

[Event "XIV Festival A"]
[Site "Porto San Giorgio ITA"]
[Date "2002.08.27"]
[Round "8"]
[White "Aldrovandi, Costantino"]
[Black "Barsov, Alexei"]
[Result "1/2-1/2"]
[WhiteElo "2414"]
[BlackElo "2550"]
[PlyCount "69"]
[EventDate "2002.08.20"]

1. c4 e6 2. g3 d5 3. Bg2 d4 4. Nf3 c5 5. O-O Nc6 6. e3 Nf6 7. a3 a5 8. exd4
cxd4 9. b3 Bd6 10. d3 h6 11. Nbd2 O-O 12. Ne4 Nxe4 13. dxe4 e5 14. Nh4 Re8 15.
Nf5 Bf8 16. Qd3 Nb8 17. f4 g6 18. Nh4 exf4 19. e5 Na6 20. Nxg6 Nc5 21. Qb1 fxg6
22. Qxg6+ Bg7 23. Rxf4 Ra6 24. Bd5+ Kh8 25. Rf6 Rxe5 26. Rxa6 Re1+ 27. Kg2 Qe7
28. Ra2 bxa6 29. Bxh6 Re2+ 30. Rxe2 Qxe2+ 31. Kg1 Qe1+ 32. Kg2 Qe2+ 33. Kg1
Qd1+ 34. Kg2 Qe2+ 35. Kg1 1/2-1/2

[Event "XIV Festival A"]
[Site "Porto San Giorgio ITA"]
[Date "2002.08.27"]
[Round "8"]
[White "Aleksic, Nenad"]
[Black "Pietrobon, Fabio"]
[Result "1/2-1/2"]
[WhiteElo "2393"]
[BlackElo "2217"]
[PlyCount "55"]
[EventDate "2002.08.20"]

1. e4 c5 2. Nf3 d6 3. d4 cxd4 4. Nxd4 Nf6 5. Nc3 e6 6. g3 Nc6 7. Bg2 a6 8. O-O
Be7 9. Be3 O-O 10. f4 Qc7 11. Nxc6 bxc6 12. Na4 Nd7 13. c4 Bb7 14. Rc1 Rad8 15.
b3 c5 16. Nc3 Nf6 17. g4 d5 18. exd5 exd5 19. Nxd5 Nxd5 20. cxd5 Rxd5 21. Bxd5
Rd8 22. Bxb7 Rxd1 23. Rfxd1 Qxb7 24. Bxc5 Bh4 25. Bf2 Be7 26. Bc5 Bh4 27. g5 h6
28. gxh6 1/2-1/2

[Event "XIV Festival A"]
[Site "Porto San Giorgio ITA"]
[Date "2002.08.27"]
[Round "8"]
[White "Anceschi, Vittorio"]
[Black "Cristiani, Cesare"]
[Result "1-0"]
[WhiteElo "2276"]
[BlackElo "2143"]
[PlyCount "93"]
[EventDate "2002.08.20"]

1. e4 e6 2. d3 d5 3. Nd2 c5 4. g3 Nc6 5. Bg2 Nge7 6. Ngf3 g6 7. O-O Bg7 8. Re1
O-O 9. c3 b6 10. e5 Qc7 11. Qe2 a5 12. Nf1 Ba6 13. h4 h5 14. Bf4 Rad8 15. Rac1
Rd7 16. N1h2 Nf5 17. g4 hxg4 18. Nxg4 Nce7 19. Qd2 Rc8 20. Nf6+ Kf8 21. Ng5 Ng8
22. Ngh7+ Ke7 23. Nxd7 Kxd7 24. Nf6+ Bxf6 25. exf6 Qd8 26. Bg5 Nxf6 27. c4 d4
28. Qf4 Qh8 29. Be4 Nh7 30. Kf1 Qg7 31. Ke2 f6 32. Bxf5 fxg5 33. Bxe6+ Kxe6 34.
Kd2+ Kd7 35. Qg4+ Kc7 36. hxg5 Kb7 37. Re6 Rc7 38. Rce1 Ka7 39. Qf4 Rd7 40.
Rxb6 Rb7 41. Rxb7+ Qxb7 42. Kc2 Qd7 43. Qe5 Qa4+ 44. Kc1 Qb4 45. a3 Qb8 46.
Qxc5+ Ka8 47. Re7 1-0